[Event "Bezirksliga Oberbayern 1819"]
[Site "Bayern"]
[Date "2019.03.24"]
[Round "8.3"]
[White "Hofmann, Juergen"]
[Black "Muharemagic, Asim"]
[Result "1/2-1/2"]
[WhiteElo "2130"]
[BlackElo "1997"]
[PlyCount "110"]
[EventDate "2018.10.21"]
[EventType "team-tourn"]
[EventRounds "9"]
[EventCountry "GER"]
[SourceTitle "EXT 2022"]
[Source "ChessBase"]
[SourceDate "2021.10.06"]
[SourceVersion "1"]
[SourceVersionDate "2021.10.06"]
[SourceQuality "1"]
[WhiteTeam "Graefelfing SK"]
[BlackTeam "Ingolstadt MTV"]
[WhiteTeamCountry "GER"]
[BlackTeamCountry "GER"]

1. e4 c5 2. Nf3 Nc6 3. Bb5 g6 4. 0-0 Bg7 5. Re1 Nf6 6. e5 Nd5 7. Nc3 Nc7 8. Bc4 0-0 9. d3 Nd4 10. Bf4 b5 11. Nxd4 bxc4 12. Nf3 Ne6 13. Bg3 cxd3 14. Qxd3 Rb8 15. Rab1 Qa5 16. Nd5 Re8 17. Bh4 c4 18. Nxe7+ Kh8 19. Qe3 Bb7 20. Rbd1 Bxf3 21. gxf3 g5 22. Rxd7 gxh4 23. Nc6 Qb6 24. Nxb8 Qxe3 25. Rxe3 Rxb8 26. Rxa7 Bh6 27. f4 Bxf4 28. Re4 h3 29. Rxc4 Rxb2 30. Kf1 Bxe5 31. Rxf7 Kg8 32. Re7 Rb1+ 33. Ke2 Nd4+ 34. Kd3 Rd1+ 35. Ke4 Bg7 36. Rxg7+ Kxg7 37. Rxd4 Rh1 38. Kf3 Rxh2 39. Rg4+ Kh8 40. a4 Rh1 41. Rh4 Rc1 42. Rxh3 Rxc2 43. Rg3 Ra2 44. Rg4 h6 45. Kg3 Kh7 46. f3 Ra3 47. Rb4 Kg6 48. Kg4 h5+ 49. Kf4 h4 50. Kg4 h3 51. Kxh3 Rxf3+ 52. Kg4 Ra3 53. Kf4 Kf6 54. Ke4 Ke6 55. Kd4 Kd6 1/2-1/2

[Event "Oberbayern Bezirksliga 1718"]
[Site "Germany"]
[Date "2018.02.04"]
[Round "6.5"]
[White "Muharemagic, Asim"]
[Black "Flemming, Achim"]
[Result "0-1"]
[WhiteElo "1969"]
[BlackElo "2015"]
[PlyCount "60"]
[EventDate "2017.10.22"]
[EventType "team-tourn"]
[EventRounds "9"]
[EventCountry "GER"]
[SourceTitle "EXT 2019"]
[Source "ChessBase"]
[SourceDate "2018.10.10"]
[SourceVersion "1"]
[SourceVersionDate "2018.10.10"]
[SourceQuality "1"]
[WhiteTeam "Ingolstadt"]
[BlackTeam "Starnberg II"]
[WhiteTeamCountry "GER"]
[BlackTeamCountry "GER"]

1. c4 Nf6 2. Nc3 e6 3. Nf3 c5 4. g3 b6 5. Bg2 Bb7 6. 0-0 Be7 7. d4 cxd4 8. Nxd4 Bxg2 9. Kxg2 0-0 10. e4 Qc7 11. b3 Bb4 12. Ncb5 Qb7 13. f3 a6 14. e5 axb5 15. exf6 bxc4 16. fxg7 Rc8 17. Nb5 Qc6 18. bxc4 Qxc4 19. Nd6 Qc2+ 20. Kh1 Rc6 21. Ne8 Qxd1 22. Rxd1 Bc3 23. Bg5 Bxa1 24. Rxa1 d5 25. Nf6+ Kxg7 26. Ng4 Nd7 27. Bh6+ Kg6 28. Be3 f5 29. Nf2 Rc3 30. Nd1 Rc2 0-1

[Event "Oberbayern Bezirksliga 1718"]
[Site "Germany"]
[Date "2017.10.22"]
[Round "1.5"]
[White "Muharemagic, Asim"]
[Black "Guenes, Erdogan"]
[Result "1/2-1/2"]
[WhiteElo "1969"]
[BlackElo "1940"]
[PlyCount "168"]
[EventDate "2017.10.22"]
[EventType "team-tourn"]
[EventRounds "9"]
[EventCountry "GER"]
[SourceTitle "EXT 2019"]
[Source "ChessBase"]
[SourceDate "2018.10.10"]
[SourceVersion "1"]
[SourceVersionDate "2018.10.10"]
[SourceQuality "1"]
[WhiteTeam "Ingolstadt"]
[BlackTeam "Waldkraiburg"]
[WhiteTeamCountry "GER"]
[BlackTeamCountry "GER"]

1. Nf3 c5 2. g3 d5 3. Bg2 Nc6 4. d4 cxd4 5. Nxd4 e5 6. Nxc6 bxc6 7. 0-0 Be6 8. c4 Qd7 9. Qa4 Ne7 10. Nc3 Rc8 11. Rd1 d4 12. Ne4 Nf5 13. Ng5 c5 14. Qc2 Nd6 15. Nxe6 Qxe6 16. Bd5 Qd7 17. f4 exf4 18. Bxf4 Be7 19. e3 Bf6 20. e4 Be7 21. e5 Nb7 22. Qe4 Nd8 23. Bd2 Ne6 24. Rf1 0-0 25. Qg4 Rc7 26. Bh6 Ng5 27. Qxd7 Rxd7 28. Bxg5 Bxg5 29. e6 Re7 30. Rxf7 Rfxf7 31. exf7+ Kf8 32. Kf1 a5 33. Rd1 g6 34. b3 Bh6 35. a3 Be3 36. Kg2 Rd7 37. Kf3 Rd8 38. Ke4 Rb8 39. Rb1 Bd2 40. Kd3 Bc3 41. Kc2 Rb6 42. Rf1 a4 43. bxa4 Rb2+ 44. Kd3 Rd2+ 45. Ke4 Re2+ 46. Kf3 Re1 47. Rxe1 Bxe1 48. Kf4 Ke7 49. Ke5 d3 50. Be4 d2 51. Bc2 Kxf7 52. Kd6 Ke8 53. Kxc5 Kd7 54. Bd1 Kc7 55. a5 Bf2+ 56. Kb5 h5 57. c5 Kb7 58. Bf3+ Ka7 59. Kc4 Bg1 60. h3 Bh2 61. g4 hxg4 62. hxg4 g5 63. Kd5 Bc7 64. Kc6 Bxa5 65. Kd7 Kb8 66. Ke6 Bc7 67. Kf5 Bf4 68. Ke6 Kc7 69. Kd5 Kb7 70. Kc4+ Ka7 71. Kb5 Bc7 72. a4 Be5 73. a5 Bc3 74. a6 Be5 75. Be2 Bf4 76. Bd1 Be5 77. Be2 Bf4 78. c6 Bc7 79. Bd1 Bd6 80. Be2 Bc7 81. Kc5 d1Q 82. Bxd1 Kxa6 83. Kd5 Kb6 84. Bf3 Bf4 1/2-1/2

[Event "Munich OIS op"]
[Site "Munich"]
[Date "2008.10.12"]
[Round "2"]
[White "Muharemagic, Asim"]
[Black "Marcelin, Cyril"]
[Result "0-1"]
[WhiteElo "2174"]
[BlackElo "2494"]
[PlyCount "53"]
[EventDate "2008.10.11"]
[EventType "swiss"]
[EventRounds "9"]
[EventCountry "GER"]
[SourceTitle "CBM 126 Extra"]
[Source "ChessBase"]
[SourceDate "2008.11.05"]
[SourceVersion "1"]
[SourceVersionDate "2008.11.05"]
[SourceQuality "1"]

1. Nf3 d5 2. g3 Bg4 3. Bg2 Nd7 4. d4 e6 5. 0-0 c6 6. c4 Ngf6 7. cxd5 exd5 8. Nc3 Bd6 9. Bf4 Bxf4 10. gxf4 Bxf3 11. Bxf3 Nf8 12. Qd2 Ng6 13. Kh1 Qd6 14. e3 Nh4 15. Qe2 h6 16. Rg1 g5 17. Rg3 0-0-0 18. fxg5 hxg5 19. Kg1 Rdg8 20. Rb1 Kb8 21. e4 dxe4 22. Nxe4 Nxe4 23. Qxe4 f5 24. Qd3 g4 25. Be2 f4 26. Rxg4 f3 27. Bxf3 0-1

[Event "Munich op 25th"]
[Site "Munich"]
[Date "2005.10.02"]
[Round "2"]
[White "Solonar, Stefan"]
[Black "Muharemagic, Asim"]
[Result "1-0"]
[WhiteElo "2362"]
[BlackElo "2192"]
[PlyCount "73"]
[EventDate "2005.10.01"]
[EventType "swiss"]
[EventRounds "9"]
[EventCountry "GER"]
[SourceTitle "EXT 2006"]
[Source "ChessBase"]
[SourceDate "2005.11.24"]
[SourceVersion "1"]
[SourceVersionDate "2005.11.24"]
[SourceQuality "1"]

1. c4 e6 2. Nc3 d5 3. d4 c5 4. cxd5 exd5 5. Nf3 Nc6 6. Bg5 f6 7. Bf4 g5 8. Be3 g4 9. Ng1 c4 10. h3 Nge7 11. hxg4 Bxg4 12. f3 Be6 13. g4 f5 14. g5 Ng6 15. Qd2 Bg7 16. f4 h6 17. Nf3 hxg5 18. Rxh8+ Bxh8 19. Nxg5 Bg8 20. Bh3 Qd7 21. 0-0-0 0-0-0 22. Nf3 Kb8 23. Rg1 Qf7 24. Rg5 Nge7 25. Ne5 Qh7 26. Nxc6+ bxc6 27. Na4 Bf6 28. Qa5 Bxg5 29. Qxd8+ Nc8 30. fxg5 Qh4 31. Kd2 Be6 32. Nc5 f4 33. Bxe6 fxe3+ 34. Kc2 Qh7+ 35. Kc3 a6 36. Qxc8+ Ka7 37. Bd7 1-0

[Event "CFriend AR-2003-F-00001 email"]
[Site "Chessfriend.com"]
[Date "2004.05.07"]
[Round "1"]
[White "Hamarat, Tunc"]
[Black "Muharemagic, Asim"]
[Result "1-0"]
[WhiteElo "2430"]
[BlackElo "2351"]
[PlyCount "101"]
[EventDate "2004.??.??"]
[EventType "tourn (corr)"]
[EventRounds "12"]
[SourceTitle "Corr 2008"]
[Source "ChessBase"]
[SourceDate "2008.06.24"]
[SourceVersion "1"]
[SourceVersionDate "2008.06.24"]
[SourceQuality "1"]

1. e4 c6 2. d4 d5 3. Nd2 dxe4 4. Nxe4 Bf5 5. Ng3 Bg6 6. h4 h6 7. Nf3 Nd7 8. h5 Bh7 9. Bd3 Bxd3 10. Qxd3 Qc7 11. Bd2 e6 12. 0-0-0 0-0-0 13. Qe2 Ngf6 14. Ne5 Nb8 15. Rh4 Na6 16. Nc4 Bb4 17. Bf4 Qd7 18. Ne5 Qe8 19. Kb1 Bd6 20. c4 Bc7 21. Rhh1 Nb8 22. Qf3 Nbd7 23. Qa3 a6 24. Nd3 Bxf4 25. Nxf4 Qf8 26. c5 Qg8 27. Rhe1 Qh7+ 28. Nd3 g6 29. Nf1 gxh5 30. Ne3 Ng4 31. Nc4 Nxf2 32. Nd6+ Kb8 33. Qb3 b5 34. Ka1 Nxd3 35. Rxd3 Nb6 36. Qa3 Rxd6 37. cxd6 Nc4 38. Qb3 Qf5 39. Qc3 Qd5 40. Rf3 f5 41. d7 Rd8 42. b3 Nb6 43. Qc5 Qxc5 44. dxc5 Nxd7 45. Rd3 Kc7 46. Rxe6 Nxc5 47. Rxc6+ Kxc6 48. Rxd8 Ne6 49. Rh8 Nf4 50. Rxh6+ Kd5 51. g3 1-0

[Event "CFriend AR-2003-F-00001 email"]
[Site "Chessfriend.com"]
[Date "2004.05.07"]
[Round "1"]
[White "Morgado, Juan Sebastian"]
[Black "Muharemagic, Asim"]
[Result "1-0"]
[WhiteElo "2596"]
[BlackElo "2351"]
[PlyCount "77"]
[EventDate "2004.??.??"]
[EventType "tourn (corr)"]
[EventRounds "12"]
[SourceTitle "Corr 2008"]
[Source "ChessBase"]
[SourceDate "2008.06.24"]
[SourceVersion "1"]
[SourceVersionDate "2008.06.24"]
[SourceQuality "1"]

1. d4 d5 2. c4 e6 3. Nc3 c5 4. cxd5 exd5 5. Nf3 Nc6 6. g3 Nf6 7. Bg2 Be7 8. 0-0 0-0 9. Bg5 cxd4 10. Nxd4 h6 11. Be3 Bg4 12. Qa4 Qd7 13. Bxd5 Nxd5 14. Nxd5 Nxd4 15. Qxd7 Nxe2+ 16. Kg2 Bxd7 17. Nxe7+ Kh7 18. Rfd1 Rfd8 19. Kf3 Bb5 20. Nf5 Ba6 21. Nd6 Rd7 22. Ne4 Rad8 23. Rxd7 Rxd7 24. Nc5 Nd4+ 25. Kg2 Nc2 26. Nxd7 Nxa1 27. Bxa7 Nc2 28. Kf3 Bb5 29. Nc5 Bc6+ 30. Ke2 Kg6 31. Nd3 Bb5 32. Kd2 Bxd3 33. Kxd3 Nb4+ 34. Kc4 Nc6 35. Bd4 Ne7 36. b4 f5 37. a4 Kf7 38. Kc5 Nc8 39. a5 1-0

[Event "CFriend AR-2003-F-00001 email"]
[Site "Chessfriend.com"]
[Date "2004.05.07"]
[Round "1"]
[White "Muharemagic, Asim"]
[Black "Gutsche, Dieter"]
[Result "1-0"]
[WhiteElo "2351"]
[BlackElo "2639"]
[PlyCount "85"]
[EventDate "2004.??.??"]
[EventType "tourn (corr)"]
[EventRounds "12"]
[SourceTitle "Corr 2008"]
[Source "ChessBase"]
[SourceDate "2008.06.24"]
[SourceVersion "1"]
[SourceVersionDate "2008.06.24"]
[SourceQuality "1"]

1. e4 c5 2. Nf3 Nc6 3. d4 cxd4 4. Nxd4 Nf6 5. Nc3 e5 6. Ndb5 d6 7. Bg5 a6 8. Na3 b5 9. Nd5 Be7 10. Bxf6 Bxf6 11. c3 0-0 12. Nc2 Bg5 13. a4 bxa4 14. Rxa4 a5 15. h4 Bh6 16. Bc4 Ne7 17. Nxe7+ Qxe7 18. Nb4 Bd7 19. Nd5 Qd8 20. Ra3 Rc8 21. Qe2 Kh8 22. g3 Rc5 23. 0-0 f5 24. b4 axb4 25. cxb4 Rc8 26. Ra6 Bc6 27. exf5 Rxf5 28. Ra7 Ra8 29. Rfa1 g6 30. Ne7 Qxe7 31. Rxa8+ Bxa8 32. Rxa8+ Rf8 33. Rxf8+ Bxf8 34. Bd5 e4 35. b5 Qe5 36. Bxe4 d5 37. Qf3 Bc5 38. Bxd5 Kg7 39. b6 Qf6 40. Qxf6+ Kxf6 41. b7 Ba7 42. Kg2 Ke5 43. Bc6 1-0

[Event "CFriend AR-2003-F-00001 email"]
[Site "Chessfriend.com"]
[Date "2004.05.07"]
[Round "1"]
[White "Muharemagic, Asim"]
[Black "Stummer, Walter"]
[Result "1/2-1/2"]
[WhiteElo "2351"]
[BlackElo "2379"]
[PlyCount "79"]
[EventDate "2004.??.??"]
[EventType "tourn (corr)"]
[EventRounds "12"]
[SourceTitle "Corr 2008"]
[Source "ChessBase"]
[SourceDate "2008.06.24"]
[SourceVersion "1"]
[SourceVersionDate "2008.06.24"]
[SourceQuality "1"]

1. e4 c6 2. d4 d5 3. Nd2 dxe4 4. Nxe4 Bf5 5. Ng3 Bg6 6. Nf3 e6 7. h4 h6 8. h5 Bh7 9. Bd3 Bxd3 10. Qxd3 Nf6 11. Bd2 c5 12. 0-0-0 Nc6 13. Bc3 Qd5 14. dxc5 Qxd3 15. Rxd3 Bxc5 16. Bxf6 gxf6 17. Ne4 Be7 18. Rhd1 Rg8 19. g3 Rc8 20. Nd6+ Bxd6 21. Rxd6 Rc7 22. R6d3 Ke7 23. Rc3 Rgc8 24. a3 Ne5 25. Rxc7+ Rxc7 26. Nd4 a6 27. Rd2 f5 28. Ne2 Ng4 29. Nf4 Nf6 30. Re2 Ne4 31. Nd3 Kf6 32. Kd1 b5 33. Ke1 a5 34. Kd1 Rd7 35. Ke1 Rd8 36. Kf1 Rg8 37. Kg2 Nd6 38. Kh3 Nc4 39. f4 Rd8 40. Kg2 1/2-1/2

[Event "CFriend AR-2003-F-00001 email"]
[Site "Chessfriend.com"]
[Date "2004.05.07"]
[Round "1"]
[White "Muharemagic, Asim"]
[Black "Valderrama, Elmer"]
[Result "1/2-1/2"]
[WhiteElo "2351"]
[BlackElo "2281"]
[PlyCount "51"]
[EventDate "2004.??.??"]
[EventType "tourn (corr)"]
[EventRounds "12"]
[SourceTitle "Corr 2008"]
[Source "ChessBase"]
[SourceDate "2008.06.24"]
[SourceVersion "1"]
[SourceVersionDate "2008.06.24"]
[SourceQuality "1"]

1. e4 c5 2. Nf3 e6 3. d4 cxd4 4. Nxd4 a6 5. Nc3 b5 6. Be3 Qc7 7. a3 Bb7 8. Bd3 Nf6 9. 0-0 Nc6 10. Qe2 Be7 11. f4 d6 12. f5 Nxd4 13. Bxd4 e5 14. Bf2 Rc8 15. Rae1 0-0 16. Qf3 d5 17. Nxd5 Bxd5 18. exd5 Rfd8 19. Bh4 Rxd5 20. Bxf6 Qc5+ 21. Qf2 Qxf2+ 22. Kxf2 Bxf6 23. Be4 Rd2+ 24. Re2 Rcd8 25. Rfe1 R2d6 26. c3 1/2-1/2

[Event "CFriend AR-2003-Q-00007 email"]
[Site "Chessfriend.com"]
[Date "2003.12.03"]
[Round "1"]
[White "Ciortan, Mircea"]
[Black "Muharemagic, Asim"]
[Result "0-1"]
[WhiteElo "1773"]
[BlackElo "2351"]
[PlyCount "48"]
[EventDate "2003.??.??"]
[EventType "tourn (corr)"]
[EventRounds "12"]
[SourceTitle "Corr 2008"]
[Source "ChessBase"]
[SourceDate "2008.06.24"]
[SourceVersion "1"]
[SourceVersionDate "2008.06.24"]
[SourceQuality "1"]

1. d4 d5 2. c4 e6 3. Nc3 c5 4. cxd5 exd5 5. Nf3 Nc6 6. g3 Nf6 7. Bg2 Be7 8. 0-0 0-0 9. Bf4 cxd4 10. Nxd4 Qb6 11. Nxc6 bxc6 12. Qc2 Be6 13. e4 Rfd8 14. exd5 cxd5 15. Qe2 Rac8 16. Qb5 d4 17. Qxb6 axb6 18. Na4 b5 19. Nb6 Rc2 20. b3 Bb4 21. Rfc1 d3 22. Rxc2 dxc2 23. Bf3 Ba5 24. Be3 Bg4 0-1

[Event "CFriend AR-2003-Q-00007 email"]
[Site "Chessfriend.com"]
[Date "2003.12.03"]
[Round "1"]
[White "Muharemagic, Asim"]
[Black "Bauckmann, Oliver"]
[Result "1-0"]
[WhiteElo "2351"]
[BlackElo "2098"]
[PlyCount "133"]
[EventDate "2003.??.??"]
[EventType "tourn (corr)"]
[EventRounds "12"]
[SourceTitle "Corr 2024"]
[Source "ChessBase"]
[SourceDate "2023.10.19"]
[SourceVersion "1"]
[SourceVersionDate "2023.10.19"]
[SourceQuality "1"]

1. Nf3 Nf6 2. g3 g6 3. Bg2 Bg7 4. 0-0 0-0 5. Re1 d6 6. e4 Nc6 7. d4 Bg4 8. h3 Bxf3 9. Bxf3 Nd7 10. c3 h6 11. Be3 Na5 12. Na3 Nb6 13. Qe2 Nc6 14. e5 d5 15. Bg2 Qd7 16. Nc2 Nd8 17. Rad1 Ne6 18. f4 f5 19. exf6 Rxf6 20. Bc1 Raf8 21. Rd3 c5 22. Re3 cxd4 23. Rxe6 d3 24. Qe3 Rxe6 25. Qxe6+ Qxe6 26. Rxe6 dxc2 27. Rxe7 Rf7 28. Rxf7 Kxf7 29. Kf2 Ke6 30. Ke2 Nc4 31. Kd3 b5 32. Kxc2 Nd6 33. g4 a6 34. Be3 Bf6 35. b3 Nf7 36. Kd3 g5 37. c4 dxc4+ 38. bxc4 gxf4 39. Bd5+ Ke7 40. Bxf4 Ne5+ 41. Ke4 Nxc4 42. Bxc4 bxc4 43. Bxh6 Kf7 44. Be3 c3 45. Kd3 Kg6 46. Bf2 Kg5 47. Be1 c2 48. Kxc2 Be7 49. Bg3 Bc5 50. Kd3 Be7 51. Ke4 a5 52. a4 Bb4 53. Kd5 Bd2 54. Kc5 Kf6 55. Kb5 Ke6 56. Bc7 Kd7 57. Bxa5 Bg5 58. Bc3 Kd6 59. Bd4 Kd5 60. a5 Kxd4 61. a6 Ke3 62. a7 Kf2 63. a8Q Kg3 64. Qd5 Be7 65. Qe5+ Kxh3 66. Qxe7 Kxg4 67. Qf6 1-0

[Event "Regionalliga SO 9899"]
[Site "Bayern"]
[Date "1999.??.??"]
[Round "6.4"]
[White "Muharemagic, Asim"]
[Black "Bielmeier, Ludwig"]
[Result "1-0"]
[WhiteElo "2025"]
[BlackElo "2230"]
[PlyCount "89"]
[EventDate "1998.??.??"]
[EventType "team-tourn"]
[EventRounds "9"]
[EventCountry "GER"]
[SourceTitle "EXT 2020"]
[Source "ChessBase"]
[SourceDate "2019.10.17"]
[SourceVersion "1"]
[SourceVersionDate "2019.10.17"]
[SourceQuality "1"]
[WhiteTeam "Fuerstenfeldbruck TuS"]
[BlackTeam "Deggendorf"]
[WhiteTeamCountry "GER"]
[BlackTeamCountry "GER"]

1. g3 Nf6 2. Bg2 e5 3. c4 d6 4. Nc3 c6 5. d4 Nbd7 6. h3 Be7 7. Nf3 0-0 8. e4 Re8 9. 0-0 a6 10. a4 a5 11. Re1 Qc7 12. Be3 exd4 13. Nxd4 Nc5 14. f4 Bf8 15. Bf2 g6 16. Rc1 Bd7 17. Rc2 Rad8 18. g4 Bc8 19. Bh4 Bg7 20. Rce2 Ne6 21. Nxe6 Bxe6 22. Qb3 Rb8 23. f5 Bc8 24. c5 Nd7 25. cxd6 Qxd6 26. Rd1 Qe5 27. Rf1 Nc5 28. Qc2 b6 29. Re3 Ba6 30. Rd1 Bh6 31. Rf3 Nxe4 32. fxg6 hxg6 33. Nxe4 Qxe4 34. Qxe4 Rxe4 35. Rxf7 Rxa4 36. Ra7 Bb5 37. Bg3 Re8 38. Rd6 Be3+ 39. Kh2 Ra1 40. Bf3 Bg1+ 41. Kg2 Be3 42. Be5 Kf8 43. Rf6+ Kg8 44. Rxg6+ Kf8 45. Bd6+ 1-0

[Event "Regionalliga SO 9798"]
[Site "Bayern"]
[Date "1998.??.??"]
[Round "?.2"]
[White "Kuenzner, Franz"]
[Black "Muharemagic, Asim"]
[Result "1-0"]
[WhiteElo "2355"]
[BlackElo "2115"]
[PlyCount "99"]
[EventDate "1997.10.19"]
[EventType "team-tourn"]
[EventRounds "9"]
[EventCountry "GER"]
[SourceTitle "EXT 2020"]
[Source "ChessBase"]
[SourceDate "2019.10.17"]
[SourceVersion "1"]
[SourceVersionDate "2019.10.17"]
[SourceQuality "1"]
[WhiteTeam "Trostberg TSV"]
[BlackTeam "Fuerstenfeldbruck TuS"]
[WhiteTeamCountry "GER"]
[BlackTeamCountry "GER"]

1. g3 e6 2. Bg2 f5 3. d3 Nf6 4. Nf3 Be7 5. 0-0 0-0 6. c3 c6 7. Nbd2 Na6 8. e4 fxe4 9. dxe4 d5 10. e5 Ne8 11. h4 Bd7 12. Nb3 c5 13. Bg5 h6 14. Bxe7 Qxe7 15. Nfd2 Bb5 16. Re1 Nec7 17. a4 Bc6 18. Na5 Rab8 19. Nxc6 bxc6 20. b3 Rf7 21. Nf1 Rbf8 22. Ra2 Nb8 23. Nh2 Rd8 24. Rd2 Kh8 25. Bf1 Nd7 26. Bd3 Nf8 27. Bc2 Qe8 28. Qe2 Rfd7 29. Red1 Qe7 30. Qg4 Na8 31. Nf3 Nb6 32. h5 Na8 33. Nh4 Qg5 34. Qxg5 hxg5 35. Nf3 g4 36. Nh2 Rf7 37. Nxg4 Rf3 38. Bd3 Nc7 39. Kg2 Rf7 40. f4 Rfd7 41. Bc2 d4 42. c4 Na6 43. Nf2 Rb7 44. Ne4 Kg8 45. g4 Nd7 46. Ng5 Re8 47. Rh1 Nf8 48. h6 d3 49. Bxd3 Rxb3 50. h7+ 1-0

[Event "Regionalliga SO 9899"]
[Site "Bayern"]
[Date "1998.??.??"]
[Round "2.4"]
[White "Muharemagic, Asim"]
[Black "Danzer, George"]
[Result "0-1"]
[WhiteElo "2050"]
[BlackElo "1915"]
[PlyCount "76"]
[EventDate "1998.??.??"]
[EventType "team-tourn"]
[EventRounds "9"]
[EventCountry "GER"]
[SourceTitle "EXT 2020"]
[Source "ChessBase"]
[SourceDate "2019.10.17"]
[SourceVersion "1"]
[SourceVersionDate "2019.10.17"]
[SourceQuality "1"]
[WhiteTeam "Fuerstenfeldbruck TuS"]
[BlackTeam "Dorfen PSV"]
[WhiteTeamCountry "GER"]
[BlackTeamCountry "GER"]

1. e4 c5 2. Nf3 Nc6 3. d4 cxd4 4. Nxd4 Nf6 5. Nc3 d6 6. Bc4 e6 7. Be3 a6 8. Bb3 Bd7 9. Qe2 b5 10. 0-0-0 Nxd4 11. Bxd4 Be7 12. Rhg1 0-0 13. g4 b4 14. Na4 Bc6 15. g5 Nd7 16. c3 Rb8 17. cxb4 Rxb4 18. Nc3 Qb8 19. Rg3 Rc8 20. Kb1 a5 21. Qh5 Nf8 22. Rf3 Be8 23. Bf6 Bd8 24. Rg1 Qb7 25. Bxd8 g6 26. Qh6 Rxd8 27. h4 Bc6 28. Re3 a4 29. Bc2 Rxb2+ 30. Kc1 a3 31. h5 Rxc2+ 32. Kxc2 Qb2+ 33. Kd3 Bb5+ 34. Nxb5 Qxb5+ 35. Kd2 Qb2+ 36. Kd3 Rc8 37. e5 Qc2+ 38. Kd4 Qc4# 0-1

[Event "Regionalliga SO 9798"]
[Site "Bayern"]
[Date "1998.??.??"]
[Round "?.2"]
[White "Muharemagic, Asim"]
[Black "Pollinger, Michael"]
[Result "1-0"]
[WhiteElo "2115"]
[BlackElo "2070"]
[PlyCount "53"]
[EventDate "1997.10.19"]
[EventType "team-tourn"]
[EventRounds "9"]
[EventCountry "GER"]
[SourceTitle "EXT 2020"]
[Source "ChessBase"]
[SourceDate "2019.10.17"]
[SourceVersion "1"]
[SourceVersionDate "2019.10.17"]
[SourceQuality "1"]
[WhiteTeam "Fuerstenfeldbruck TuS"]
[BlackTeam "Deggendorf"]
[WhiteTeamCountry "GER"]
[BlackTeamCountry "GER"]

1. e4 e5 2. Nf3 Nc6 3. Bb5 Nf6 4. d4 Nxe4 5. 0-0 Be7 6. dxe5 0-0 7. Qe2 d5 8. c4 a6 9. cxd5 Qxd5 10. Bc4 Nd4 11. Nxd4 Qxd4 12. Rd1 Qxe5 13. Nc3 b5 14. Bd5 Bd6 15. Qxe4 Qxh2+ 16. Kf1 Bd7 17. Be3 Rae8 18. Qf3 h5 19. g3 h4 20. gxh4 Qxh4 21. Rd4 Qh7 22. Be4 Qh2 23. Ke2 Qe5 24. Rd5 Qe6 25. Rh1 g6 26. Bd4 f6 27. Kd3 1-0

[Event "Regionalliga SO 9697"]
[Site "Bayern"]
[Date "1997.03.02"]
[Round "7"]
[White "Muharemagic, Asim"]
[Black "Benischek, Wolfgang"]
[Result "0-1"]
[WhiteElo "2235"]
[BlackElo "2020"]
[PlyCount "82"]
[EventDate "1996.10.13"]
[EventType "team-tourn"]
[EventRounds "9"]
[EventCountry "GER"]
[SourceTitle "EXT 1999"]
[Source "ChessBase"]
[SourceDate "1998.11.16"]
[SourceVersion "1"]
[SourceVersionDate "1998.11.16"]
[SourceQuality "1"]
[WhiteTeam "Fuerstenfeldbruck TuS"]
[BlackTeam "Freising SK"]
[WhiteTeamCountry "GER"]
[BlackTeamCountry "GER"]

1. e4 c5 2. Nf3 Nc6 3. d4 cxd4 4. Nxd4 g6 5. Nc3 Bg7 6. Be3 d6 7. Bc4 Nf6 8. f3 Qb6 9. Nf5 Qxb2 10. Nxg7+ Kf8 11. Nd5 Nxd5 12. Bxd5 Qc3+ 13. Kf2 Kxg7 14. Rb1 f6 15. Rb3 Qa5 16. Qc1 h5 17. Rd1 Nb4 18. Qd2 Nc6 19. c3 Qc7 20. Ra3 b6 21. f4 Bg4 22. Re1 Bd7 23. Kg1 Rac8 24. Bf2 Na5 25. e5 Rhe8 26. Bd4 Nc4 27. exf6+ exf6 28. Bxc4 Qxc4 29. Rxa7 Qc6 30. Rxe8 Rxe8 31. f5 Qb5 32. h3 Qxf5 33. Bxb6 Kg8 34. Bf2 d5 35. c4 Qb1+ 36. Kh2 Qb8+ 37. Bg3 Qxa7 38. Qxd5+ Be6 39. Qd3 Bf5 40. Qd5+ Qf7 41. Qxf7+ Kxf7 0-1

[Event "Regionalliga SO 9697"]
[Site "Bayern"]
[Date "1997.02.16"]
[Round "6"]
[White "Mathe, Gaspar"]
[Black "Muharemagic, Asim"]
[Result "1-0"]
[WhiteElo "2400"]
[BlackElo "2120"]
[PlyCount "49"]
[EventDate "1996.10.13"]
[EventType "team-tourn"]
[EventRounds "9"]
[EventCountry "GER"]
[SourceTitle "EXT 1999"]
[Source "ChessBase"]
[SourceDate "1998.11.16"]
[SourceVersion "1"]
[SourceVersionDate "1998.11.16"]
[SourceQuality "1"]
[WhiteTeam "Simbach"]
[BlackTeam "Fuerstenfeldbruck TuS"]
[WhiteTeamCountry "GER"]
[BlackTeamCountry "GER"]

1. e4 c5 2. Nf3 Nc6 3. c3 d5 4. exd5 Qxd5 5. d4 Bg4 6. Be2 cxd4 7. cxd4 0-0-0 8. Nc3 Qa5 9. Be3 e6 10. a3 Rd7 11. h3 Bxf3 12. Bxf3 Nge7 13. 0-0 Kb8 14. b4 Qd8 15. Qa4 Nd5 16. Nxd5 exd5 17. Bg4 Re7 18. Rac1 Re8 19. b5 Rxe3 20. bxc6 Re7 21. c7+ Rxc7 22. Rxc7 Kxc7 23. Qxa7 Qd6 24. Rc1+ Kd8 25. Qxb7 1-0

[Event "Regionalliga SO 9798"]
[Site "Bayern"]
[Date "1997.??.??"]
[Round "?.2"]
[White "Bensch, Patrick"]
[Black "Muharemagic, Asim"]
[Result "1-0"]
[WhiteElo "2110"]
[BlackElo "2115"]
[PlyCount "87"]
[EventDate "1997.10.19"]
[EventType "team-tourn"]
[EventRounds "9"]
[EventCountry "GER"]
[SourceTitle "EXT 2020"]
[Source "ChessBase"]
[SourceDate "2019.10.17"]
[SourceVersion "1"]
[SourceVersionDate "2019.10.17"]
[SourceQuality "1"]
[WhiteTeam "Pfarrkirchen SC"]
[BlackTeam "Fuerstenfeldbruck TuS"]
[WhiteTeamCountry "GER"]
[BlackTeamCountry "GER"]

1. e4 c5 2. Nf3 Nc6 3. d4 cxd4 4. Nxd4 Nf6 5. Nc3 e5 6. Ndb5 d6 7. Bg5 a6 8. Na3 b5 9. Bxf6 gxf6 10. Nd5 Bg7 11. c3 f5 12. exf5 Bxf5 13. Nc2 0-0 14. Nce3 Be6 15. Bd3 f5 16. Bc2 Ra7 17. Qh5 Bxd5 18. Nxd5 e4 19. 0-0 Qe8 20. Qxe8 Rxe8 21. a4 b4 22. cxb4 Bxb2 23. Rab1 Be5 24. Bb3 Kg7 25. Bc4 Nd4 26. Rfc1 Rb8 27. Bf1 Rbb7 28. Rc4 a5 29. b5 Ne6 30. Rc8 Nc7 31. Rxc7+ Rxc7 32. b6 Rcb7 33. bxa7 Rxa7 34. Rb8 Kf7 35. Bc4 Kg6 36. g3 h5 37. Rg8+ Kh6 38. Ne3 f4 39. gxf4 Bxf4 40. Nf5+ Kh7 41. Re8 Be5 42. Re6 Bf4 43. Rxe4 Be5 44. f4 1-0